000
00299nam a22001457a 4500
008
210311b ||||| |||| 00| 0 eng d
020
_a
9780470155790
041
_a
eng
080
_a
541
082
_a
541
100
_a
12
101
_a
KIM
245
_a
Chemistry
_c
Olmsted,J
942
_2
udc
_c
BK
999
_c
56437
_d
56437